000 00606nam a2200241 a 4500
001 0001-1303
003 ELIB.Books
008 150707 2010 eng
020 _a0766766578
035 _a(ELIB.Books)0001-1458
092 _b242
100 _aPetty, Jo.
245 _aWings of Silver
260 _aNashville:
_bC. R Gibson Company
_c1967
300 _a88 Mnar
_c21 Cm
500 _aLibrary
650 _aDevotional Literature
856 _nKBTS: Library
_uKBTS: Elib
942 _2ddc
_cBK
990 _a2
998 _cbat
_e2015-07-07
_mcat
_u2019-05-31
999 _c11303
_d11303